| 000 | 00656nam a22002057a 4500 | ||
|---|---|---|---|
| 999 |
_c14268 _d14268 |
||
| 003 | AR-CdUCM | ||
| 008 | 190422b ||||| |||| 00| 0 spa d | ||
| 040 |
_aMUNICIPALIDAD PROVINCIAL DEL CUSCO _cBIBLIOTECA MUNICIPAL DEL CUSCO |
||
| 082 |
_a985 / _bG17 |
||
| 100 |
_aGamarra Moscoso, Manuel _932983 |
||
| 245 | _aEncubrimientos - Invasión - Genocidio 500 años después ... 1492 - 1992 / | ||
| 260 | _aCusco : | ||
| 300 |
_a10 paginas ; _c32 cm. |
||
| 505 | _aContenido : Resistencia y continuidad andina. | ||
| 650 |
_aCusco _9772 |
||
| 650 |
_a Descubrimiento _9249 |
||
| 650 |
_aCómplices _932984 |
||
| 942 |
_2ddc _cPP |
||
| 945 |
_awnts _d2019-04-22 |
||